Adrian Mole na crise da adolescência (Registo nº 1583)

Detalhes MARC
000 -Etiqueta do registo
Cabeçalho 00840nam0a2200265 4500
005 - Identificador da versão
Campo de controlo 20240813121840.0
010 ## - Número internacional normalizado dos livros (ISBN)
Número (ISBN) 9722901281
021 ## - Número do Depósito Legal
Código do país PT
Número 170276/01
003 - Persistent Record Identifier
control field http://porbase.bnportugal.pt/ipac20/ipac.jsp?profile=bn&uri=full=3100024~!1041837~!0
100 ## - Dados gerais de processamento
Dados gerais de processamento 20160704d2001 m y0pory5003 ba
102 ## - Pais de publicação ou produção
País de publicação Portugal
101 1# - Língua de publicação
Língua do texto, banda sonora, etc. Português
Língua do documento no original Inglês
215 ## - Descrição física 
Indicação específica da natureza do documento e extensão da espécie 177 p
200 1# - Titulo e menção de responsabilidade
Título próprio Adrian Mole na crise da adolescência
Primeira menção de responsabilidade Sue Townsend
Outras menções de responsabilidade trad. Miguel Carvalho de Moura
205 ## - Menção da edição
Menção da edição 16ª ed
210 ## - Publicação, Distribuição, etc. 
Lugar da edição, distribuição, etc. Algés
Nome do editor, distribuidor, etc. Difel
Data da publicação, distribuição, etc. 2001
606 ## - Nome comum usado como assunto
Número de registo de entrada de autoridade 0003083
Palavra de ordem Literatura inglesa
Subdivisão de assunto Diários íntimos
Código do sistema CA
675 ## - Classificação Decimal Universal (CDU)
Notação 821.111-94
Edição 3ª ed.
Língua da edição por
702 #1 - Nome de autor-pessoa física (responsabilidade secundária)
Número de registo de entrada de autoridade 0003082
Palavra de ordem Moura
Outra parte do nome não tomada para palavra de ordem Miguel Carvalho de
Código de função Tradutor
700 #1 - Nome de autor-pessoa física (responsabilidade principal)
Número de registo de entrada de autoridade 0003081
Palavra de ordem Townsend
Outra parte do nome não tomada para palavra de ordem Sue
Datas 1946-2014
966 ## - Identificação da Biblioteca
Sigla EB2,3ENM
942 ## - Elementos de entrada adicionados (Koha)
Tipo de item no Koha Livro
Exemplares
Situação do levantamento Origin of item (home branch) (coded) Biblioteca de empréstimo Código de barras Cota Data de devolução Circulation type (not for loan) Tipo de documento Nota do exemplar Damaged status
  Biblioteca Escolar Eng. Nuno Mergulhão Biblioteca Escolar Eng. Nuno Mergulhão BENM349 82LE-9 TOW     Livro Sem mensagem